<?xml version="1.0" encoding="UTF-8"?>
<record
    xmlns:xsi="http://www.w3.org/2001/XMLSchema-instance"
    xsi:schemaLocation="http://www.loc.gov/MARC21/slim http://www.loc.gov/standards/marcxml/schema/MARC21slim.xsd"
    xmlns="http://www.loc.gov/MARC21/slim">

  <leader>00527nam a22001817a 4500</leader>
  <controlfield tag="005">20240321150309.0</controlfield>
  <datafield tag="010" ind1=" " ind2=" ">
    <subfield code="a">ENG139827</subfield>
  </datafield>
  <datafield tag="020" ind1=" " ind2=" ">
    <subfield code="a">9789390746231</subfield>
    <subfield code="c">1028.00</subfield>
  </datafield>
  <datafield tag="035" ind1=" " ind2=" ">
    <subfield code="a">EN-123359</subfield>
  </datafield>
  <datafield tag="037" ind1=" " ind2=" ">
    <subfield code="b">DBAD/PUB</subfield>
  </datafield>
  <datafield tag="082" ind1=" " ind2=" ">
    <subfield code="a">519.5</subfield>
  </datafield>
  <datafield tag="100" ind1=" " ind2=" ">
    <subfield code="a">Callao Margaito B.</subfield>
    <subfield code="9">63794</subfield>
  </datafield>
  <datafield tag="245" ind1=" " ind2=" ">
    <subfield code="a">Statistics/</subfield>
    <subfield code="c">By Margaito B. Callao</subfield>
  </datafield>
  <datafield tag="260" ind1=" " ind2=" ">
    <subfield code="a">Belghaia</subfield>
    <subfield code="b">Excellence Books</subfield>
  </datafield>
  <datafield tag="270" ind1=" " ind2=" ">
    <subfield code="a">G1, Dream Apartment , Degree College Road</subfield>
    <subfield code="b">Kolkata</subfield>
    <subfield code="e">7000056</subfield>
  </datafield>
  <datafield tag="300" ind1=" " ind2=" ">
    <subfield code="a">102pg;</subfield>
    <subfield code="c">22cm(Pbk)</subfield>
  </datafield>
  <datafield tag="942" ind1=" " ind2=" ">
    <subfield code="2">ddc</subfield>
    <subfield code="c">EN</subfield>
    <subfield code="h">519.5</subfield>
    <subfield code="m">CAL</subfield>
  </datafield>
  <datafield tag="999" ind1=" " ind2=" ">
    <subfield code="c">201714</subfield>
    <subfield code="d">201714</subfield>
  </datafield>
  <datafield tag="952" ind1=" " ind2=" ">
    <subfield code="0">0</subfield>
    <subfield code="1">0</subfield>
    <subfield code="4">0</subfield>
    <subfield code="7">0</subfield>
    <subfield code="8">NFIC</subfield>
    <subfield code="a">NPL</subfield>
    <subfield code="b">NPL</subfield>
    <subfield code="d">2024-03-21</subfield>
    <subfield code="e">DBAD/PUB</subfield>
    <subfield code="g">1028.00</subfield>
    <subfield code="l">0</subfield>
    <subfield code="o">519.5 CAL</subfield>
    <subfield code="p">EN-123359</subfield>
    <subfield code="r">2024-03-21 00:00:00</subfield>
    <subfield code="t">1</subfield>
    <subfield code="v">1028.00</subfield>
    <subfield code="w">2024-03-21</subfield>
    <subfield code="y">EN</subfield>
  </datafield>
</record>
